Schaum's outline of theory & problems of statistics (Record no. 7840)

000 -LEADER
fixed length control field 00549nam a2200205 4500
001 - CONTROL NUMBER
control field 7840
003 - CONTROL NUMBER IDENTIFIER
control field BD-DhUET
008 - FIXED-LENGTH DATA ELEMENTS--GENERAL INFORMATION
fixed length control field 141213b/xxu||||| |||| 00| 0 eng d
020 ## - INTERNATIONAL STANDARD BOOK NUMBER
International Standard Book Number 070602271
040 ## - CATALOGING SOURCE
Original cataloging agency DLC
Language of cataloging DLC
Transcribing agency BD-DhUET
082 ## - DEWEY DECIMAL CLASSIFICATION NUMBER
Classification number 519.9
Item number SPI/1961
100 ## - MAIN ENTRY--PERSONAL NAME
Personal name Spiegel , Murray R
245 ## - TITLE STATEMENT
Title Schaum's outline of theory & problems of statistics
250 ## - EDITION STATEMENT
Edition statement 1st ed.
260 ## - PUBLICATION, DISTRIBUTION, ETC. (IMPRINT)
Place of publication, distribution, etc. Singapore
Name of publisher, distributor, etc. McGraw Hill
Date of publication, distribution, etc. 1961
300 ## - PHYSICAL DESCRIPTION
Extent 359 p.
Other physical details ill.
Dimensions 27 cm.
490 ## - SERIES STATEMENT
Series statement Schaum's Outline Series
650 #0 - SUBJECT ADDED ENTRY--TOPICAL TERM
Topical term or geographic name as entry element Statistical mathematics
942 ## - ADDED ENTRY ELEMENTS (KOHA)
Koha item type General Book
Holdings
Koha date last borrowed Koha issues (times borrowed) Price effective from Koha date last seen Koha full call number Damaged status Copy number Shelving location Lost status Withdrawn status Date acquired Koha normalized classification for sorting Location (home branch) Koha item type Sublocation or collection (holding branch) Not for loan Source of classification or shelving scheme Piece designation (barcode)
  2014-12-132015-08-22519.9/SPI/1961 1Circulation section  2014-12-13519_900000000000000_SPI_1961Central Library, BUETGeneral BookCentral Library, BUET  25219
  2014-12-132017-02-06519.9/SPI/1961 2Circulation section  2014-12-13519_900000000000000_SPI_1961Central Library, BUETGeneral BookCentral Library, BUET  66184
  2014-12-132014-12-13519.9/SPI/1961 3Circulation section  2014-12-13519_900000000000000_SPI_1961Central Library, BUETGeneral BookCentral Library, BUET  345
2015-08-0112014-12-132015-08-01519.9/SPI/1961 5Circulation section  2014-12-13519_900000000000000_SPI_1961Central Library, BUETGeneral BookCentral Library, BUET  56483
  2014-12-132014-12-13519.9/SPI/1961 6Circulation section  2014-12-13519_900000000000000_SPI_1961Central Library, BUETGeneral BookCentral Library, BUET  31847
  2014-12-132014-12-13519.9/SPI/1961 7Circulation section  2014-12-13519_900000000000000_SPI_1961Central Library, BUETGeneral BookCentral Library, BUET  31828
  2014-12-132014-12-13519.9/SPI/1961 8Circulation section  2014-12-13519_900000000000000_SPI_1961Central Library, BUETGeneral BookCentral Library, BUET  31843